Loading...
| History - European | 0 | 9 | 0 | 1 | 90 | 16 | 47.89 | 4 | 6 | 0.00 | 0.00 |
| History - World | 0 | 6 | 0 | 1 | 60 | 24 | 48.83 | 1 | 5 | 0.00 | 0.00 |
| History - American | 0 | 6 | 1 | 1 | 55 | 16 | 61.17 | 1 | 3 | 0.00 | 0.00 |
| Religion | 0 | 4 | 0 | 1 | 40 | 32 | 63.25 | 0 | 3 | 0.00 | 0.00 |
| History - Other | 0 | 4 | 2 | 1 | 30 | 14 | 58.50 | 1 | 3 | 0.00 | 0.00 |
| Geography | 0 | 3 | 0 | 1 | 30 | 59 | 84.00 | 1 | 1 | 0.00 | 0.00 |
| Literature - British | 0 | 2 | 0 | 0 | 20 | 74 | 83.00 | 0 | 0 | 0.00 | 0.00 |
| Philosophy | 0 | 2 | 0 | 0 | 20 | 36 | 63.00 | 0 | 1 | 0.00 | 0.00 |
| Fine Arts - Classical Music | 0 | 2 | 0 | 1 | 20 | 95 | 102.50 | 0 | 1 | 0.00 | 0.00 |
| Social Science | 0 | 1 | 0 | 0 | 10 | 60 | 60.00 | 0 | 0 | 0.00 | 0.00 |
| Literature - European | 0 | 1 | 0 | 0 | 10 | 87 | 87.00 | 0 | 1 | 0.00 | 0.00 |
| Literature - World | 0 | 1 | 0 | 0 | 10 | 53 | 53.00 | 0 | 0 | 0.00 | 0.00 |
| Science - Biology | 0 | 1 | 0 | 0 | 10 | 59 | 59.00 | 0 | 0 | 0.00 | 0.00 |
| Science - Chemistry | 0 | 1 | 0 | 1 | 10 | 93 | 93.00 | 0 | 0 | 0.00 | 0.00 |
| Science - Other | 0 | 1 | 0 | 0 | 10 | 96 | 96.00 | 0 | 0 | 0.00 | 0.00 |
| Mythology | 0 | 1 | 1 | 0 | 5 | 76 | 76.00 | 0 | 0 | 0.00 | 0.00 |
| Fine Arts - Other | 0 | 1 | 1 | 0 | 5 | 48 | 48.00 | 0 | 0 | 0.00 | 0.00 |
| Current Events | 0 | 1 | 1 | 1 | 5 | 90 | 90.00 | 1 | 1 | 0.00 | 0.00 |